zpět

Detail výsledku týmu

Koruna, Břeclav

Datum a čas kvízu

33.5 Celkem bodů Celkový počet nahraných bodů na tomto kvízu bez doplňovacích otázek.
3. Pořadí na kvízu Konečné umístění týmu na tomto kvízu.

Zaznamenané odpovědi

# Otázka Odpověď Body Výsledky
1. Předseda poslanecké sněmovny T... o klik 1
2. Minulý týden jsme se dozvěděli... A 1
3. Která světově proslulá zpěvačk... Céline Dion 0
4. Vláda kterého evropského státu... Polska 0
5. „Všichni už jsou v Mexiku, Bue... 3:1 1
6. Vítězné téma facebookového hla... 1B 2D 3C 4A 1
7. Ve Formuli 1 můžeme občas zazn... A 1
8. Velká cena Monaka 1996 drží je... 3 piloti (uznáváme 2 až 4) 0
9. Tato stáj působila ve Formuli... Benetton 1
10. Ve kterém státě se nachází záv... v Mexiku 1